[Event "Mataro op-B"]
[Site "Mataro"]
[Date "1996.08.14"]
[Round "3"]
[White "Rodriguez del Valle, J Luis"]
[Black "Canellas Magide, Lluis"]
[Result "1/2-1/2"]
[WhiteElo "1960"]
[BlackElo "1990"]
[PlyCount "127"]
[EventDate "1996.08.12"]
[EventType "swiss"]
[EventRounds "9"]
[EventCountry "ESP"]
[SourceTitle "EXT 2003"]
[Source "ChessBase"]
[SourceDate "2002.11.25"]
[SourceVersion "1"]
[SourceVersionDate "2002.11.25"]
[SourceQuality "1"]

1. d4 Nf6 2. c4 g6 3. Nc3 Bg7 4. e4 d6 5. Nf3 0-0 6. Be2 e5 7. d5 a5 8. 0-0 Na6 9. a3 Bd7 10. Qc2 h6 11. Ne1 Nc5 12. Be3 Ne8 13. Nd3 b6 14. b4 Nxd3 15. Qxd3 f5 16. f3 f4 17. Bf2 g5 18. c5 axb4 19. axb4 bxc5 20. bxc5 dxc5 21. Bxc5 Rf6 22. Ra7 Bf8 23. Bf2 Rxa7 24. Bxa7 h5 25. Ra1 Qa8 26. Qb1 Qd8 27. Qb3 Kh7 28. Rb1 g4 29. Qb8 Qxb8 30. Rxb8 gxf3 31. gxf3 Rg6+ 32. Kf2 Be7 33. Bf1 Nd6 34. Bc5 Bh4+ 35. Ke2 Nc4 36. Rb7 Bd8 37. Rb8 Bh4 38. Kd3 Nd6 39. Ke2 Rg7 40. Bf2 Bxf2 41. Kxf2 Rg8 42. Rb2 Ra8 43. Na2 c5 44. dxc6 Bxc6 45. Bd3 Kg7 46. Nc3 Rd8 47. Ke2 Be8 48. Rb6 Bf7 49. Nb5 Nc4 50. Rb7 Ne3 51. Na7 Rd6 52. Rb2 Rg6 53. Kd2 Rg2+ 54. Kc1 Rg1+ 55. Kd2 Rg2+ 56. Kc1 Rxb2 57. Kxb2 h4 58. Nc6 Kf6 59. Kc1 Bh5 60. Be2 Ke6 61. Nb4 Kd6 62. Nd3 Nc4 63. Kc2 Ne3+ 64. Kd2 1/2-1/2